|
|
|
|
| LEADER |
00773nta a2200205 i 4500 |
| 001 |
dipl108194 |
| 005 |
20210304103814.0 |
| 008 |
210304s2020 hu om 0|| zxx d |
| 040 |
|
|
|a SZTE Diploma Repozitórium
|b hun
|
| 041 |
|
|
|a zxx
|
| 100 |
1 |
|
|a Kiss Kamilla
|
| 245 |
1 |
2 |
|a A GDPR hatása a könyvviteli és a könyvvizsgálati munkára
|h [elektronikus dokumentum] /
|c Kamilla Kiss
|
| 246 |
1 |
0 |
|a The Impact of GDPR on the Accounting and Auditing Profession
|h [elektronikus dokumentum]
|
| 260 |
|
|
|c 2020
|
| 650 |
|
4 |
|a Gazdaságtudományok
|
| 650 |
|
4 |
|a Social sciences
|
| 650 |
|
4 |
|a Economics and business
|
| 650 |
|
4 |
|a Economics, econometrics
|
| 700 |
2 |
|
|a Lippai-Makra Edit
|e ths
|
| 856 |
4 |
0 |
|u http://diploma.bibl.u-szeged.hu/id/eprint/108194/1/2020_kiss_kamilla.pdf
|z Dokumentum-elérés
|